| 000 | 00639nam a2200169Ia 4500 | ||
|---|---|---|---|
| 008 | 220216s9999 xx 000 0 und d | ||
| 100 | _aKarthikakuttyamma M. | ||
| 245 | 0 | _aMineralisation of urea coated with neem cake and tar and its effect on growth of rubber | |
| 260 |
_bProceedings of the International Rubber Conference, 17-19 September 1984, Rubber Research Institute of Sri Lanka, Colombo, Sri Lanka, V 1; Pt.1, pp. 279-283. _c1984 |
||
| 650 | _aNeem coated urea | ||
| 650 | _aRubber growing soil | ||
| 650 | _aTar coated urea | ||
| 700 | _aAntony P.A. | ||
| 700 | _aKrishnakumari K.S. | ||
| 700 | _aPotty S.N. | ||
| 942 | _cBS | ||
| 999 |
_c48699 _d48699 |
||